000
00308nam a2200121Ia 4500
008
191201s2019 xx 000 0 und d
100
_a
MEHTANI, jai Gopal
245
0
_a
Spinning Tablet VIII Fly Frames
260
_a
N.Delhi
_b
The Textile Association
300
_a
16
650
_a
B.Tech(TE)
942
_2
ddc
_c
BK
999
_c
3443
_d
3443